| Tag |
First Indicator |
Second Indicator |
Subfields |
| LEADER |
00000cam a2200000 4500 |
| 001 |
in00000038351 |
| 005 |
20151007081005.0 |
| 008 |
750701s1954 eng u |
| 010 |
|
|
|a 54009059
|
| 035 |
|
|
|a (OCoLC)01424342
|
| 035 |
|
|
|9 AAF5703AM
|
| 040 |
|
|
|c ORL
|d TXA
|d UtOrBLW
|
| 049 |
|
|
|a TXAM
|c [234941]
|
| 050 |
0 |
0 |
|a BR115.H4
|b D83
|
| 082 |
0 |
|
|a 265.8
|
| 092 |
|
|
|a 265.8
|b D924i
|
| 100 |
1 |
|
|a Dunnington, Lewis L.
|q (Lewis Le Roy),
|d 1890-
|
| 245 |
1 |
4 |
|a The inner splendor.
|
| 264 |
|
1 |
|a New York :
|b Macmillan,
|c 1954.
|
| 300 |
|
|
|a 229 pages :
|b 20 cm.
|
| 336 |
|
|
|a text
|b txt
|2 rdacontent
|
| 337 |
|
|
|a unmediated
|b n
|2 rdamedia
|
| 338 |
|
|
|a volume
|b nc
|2 rdacarrier
|
| 650 |
|
0 |
|a Spiritual healing.
|
| 999 |
|
|
|a MARS
|
| 999 |
f |
f |
|s 50d768dd-4469-3585-aae0-418397deda69
|i 87425938-f27d-36dd-a1e8-b5b1b16a6e60
|t 0
|
| 952 |
f |
f |
|p ric
|a Texas A&M University
|b Rellis Campus
|c Joint Library Facility
|d Remote Storage
|t 0
|e BR115.H4 D83
|h Library of Congress classification
|i unmediated -- volume
|m A14800616507
|
| 998 |
f |
f |
|a BR115.H4 D83
|t 0
|l Remote Storage
|